00795cam a22002411 450000100090000000300090000900500170001800800410003501000170007603500190009304000330011204200120014505000170015708200160017410000450019024500700023526000310030530000310033650000940036750400410046165000300050271000210053210334163BDDh-ASL20231015025903.0750815s1965 nyub b 000 0 eng  a 65012192  a(OCoLC)1550702 aDLCcFdOCoLCdDLCdBDDh-ASL apremarc00aBP173.5b.P7 a297.09bPRI1 aProctor, J. Harrisq(Jesse Harris),eed.10aIslam and international relations /cedited by J. Harris Proctor. aNew York:bPraegerc[1965] aviii, 221 p.bmap.c22 cm. aPapers originally presented at a conference held at Duke University, June 10 to 13, 1963. aIncludes bibliographical references. 0aIslam and world politics.2 aDuke University.